| 000 | 00670nam a2200193 4500 | ||
|---|---|---|---|
| 999 |
_c170488 _d170488 |
||
| 005 | 20191216165650.0 | ||
| 010 | _aENG-127158 | ||
| 020 |
_a9789352876617 _c995.00 |
||
| 035 | _aEN-110690 | ||
| 037 | _bDBAD/PUB | ||
| 082 | _a615.882 | ||
| 245 |
_aLocal health traditions : _ced.by Arima Mishra _bplurality and marginality in South Asia / |
||
| 260 |
_aHyderabad _bOrient Blankswan Private _c2019 |
||
| 270 |
_a3-6-752 Himayatnagar, Hyderabad _bTelangana _e500029 _mindo@orientblackswan.com |
||
| 300 |
_axvi;328p . _c22cm(Hb) |
||
| 500 | _aIncludes bibliographical references and index | ||
| 700 | _aMishra, Arima | ||
| 942 |
_2ddc _cEN _h615.882 _mLOC |
||